000 00493nam a2200169Ia 4500
005 20250423101520.0
008 250422s9999 xx 000 0 und d
020 _a9789789366286
050 _aP 96.I5 .A43/
100 _aAlao, Dayo
245 0 _aTheory and practice of international communication
260 _aOgun State
260 _bGrailGraphiX
300 _a200 p
650 _a Communication, International. Communication--International. Communication.
942 _cBK
999 _c36516
_d36516